000 01206nmm a2200349 a 4500
001 ocm0001864486
003 TR-IsHL
005 20201028171333.0
008 180304s2016 tu tur
007 cr cn
020 _a9789759220310
035 _a1864486
_b(N$T)
050 0 4 _aDS26
_b.K58 2016
090 0 4 _aDS26
_b.K58 2016
100 1 _aKitapçı, Zekeriya
245 1 0 _aSelçuklu ve Osmanlılardan önce orta doğuda ilk Türkler: Orta Doğu Türk misyonunun tarihi temelleri I
_h[electronic resource] /
_cZekeriya Kitapçı ; editör Hakan Kitapçı
250 _aİkinci basım
260 _aİstanbul :
_bYedi Kubbe Yayınları,
_c2016
300 _a382 p.
500 _aKaynakça var.
_x
650 4 _aTarih
650 4 _aHistory
650 0 _aTürkler
_x Tarih
650 0 _aTurks
_x History
650 0 _aTürk halkı
_x Tarih
650 0 _aTurkic peoples
_x History
650 0 _aİslam İmparatorluğu
_x Tarih
650 0 _aIslamic Empire
_x History
650 7 _aHISTORY / Middle East / Turkey & Ottoman Empire
_2bisacsh
700 1 _aKitapçı, Hakan
856 4 0 _uhttp://search.ebscohost.com/login.aspx?direct=true&scope=site&db=e011xww&AN=1864486
999 _c16682
_d16682